Hymne de l'olympique lyonnais - Statistiques

Statistiques générales
  • Ce quiz a été pris 587 fois
  • Le résultat moyen est 50 sur 72
Statistiques - réponses
Hint Réponse % Correct
l'
96%
à
89%
s'
88%
Pour Ce
87%
ce
87%
animal Lion
85%
come on allez
82%
allez
82%
come on allez
82%
allez
82%
allez
82%
allez
82%
le
82%
le
82%
habitants lyonnais
82%
lyonnais
82%
lyonnais
82%
logo Blason
81%
enculer Frappé
81%
Du
79%
nos
79%
nos
79%
nos
79%
chant
78%
nous
76%
pour
76%
the voice chanterons
74%
notre
74%
notre
74%
notre
74%
les
73%
jamais
72%
daronne mère
72%
lieu célèbre lyon canuts
71%
raison de vivre ol
71%
daron père
71%
dans
70%
de
70%
de
70%
de
70%
fils
69%
Tes
69%
toujours
69%
perdre vaincus
69%
cotés
68%
en
68%
en
68%
rues
67%
battements coeur
66%
rouge
66%
patrie peuple
65%
peuple
65%
bleu
64%
echo résonnera
64%
et
63%
couleurs
62%
sont
61%
ecoutez
58%
ecoutez
58%
est
58%
légende histoire
57%
passé mémoire
56%
raison de vivre l'ol
55%
c'est
51%
elle
51%
lyonnais gones
50%
debout élever
47%
avec
43%
vont
41%
vie
40%
vie
40%
en fille
30%
Aucun quiz correspondant
Distribution des résultats
% des personnes avec chaque résultat
Percentile par nombre de réponses
Votre historique - résultats
Vous n’avez pas pris ce quiz